| 000 | 00626nam a2200205Ii 4500 | ||
|---|---|---|---|
| 003 | JO-AjNU | ||
| 008 | 230605s9999||||xx |||||||||||||| ||und|| | ||
| 017 | _a1990/1/57 | ||
| 040 |
_aJO-AjNU _bara _erda _cJO-AjNU |
||
| 041 | _aara | ||
| 050 | 1 | 4 | _aRJ101.N3464 1990 |
| 100 | 3 |
_aالنجار ، عبدالرحمن, _eauthor _935635 |
|
| 245 | 0 | 0 | _aصحة الطفل وتغذيته |
| 264 | 3 | 1 | _aعمان:دار الفكر للنشر ، 1990 |
| 300 | _a176ص | ||
| 336 |
_atext _btxt _2rdacontent |
||
| 337 |
_aunmediated _bn _2rdamedia |
||
| 338 |
_avolume _bnc _2rdacarrier |
||
| 650 | 4 |
_aالاطفال-رعاية _935636 |
|
| 999 |
_aA14731 _c18299 _d18299 |
||